00585nam a2200205Ia 4500001001400000003001200014005001700026008004100043020001200084039001700096040001200113090001600125100002200141245004600163260000900209650002000218942001200238999001700250952011200267vtls000052000NUST - PNEC20170116181100.0060425s9999 xx 000 0 und d a6913518 9a200801281638 cLIBRARY a621.381 STE aStewart, Harry E. aEngineering electronicscHarry E. Stewart c1969 aElectronicsxEL 2ddccBK c68736d68736 00102ddc4070aPNECbPNECcWING-Bd0000-00-00l0o621.381 STEpPNECLIB-008699r2015-10-02w0000-00-00yBK